| 000 | 00434nam a22001457a 4500 | ||
|---|---|---|---|
| 020 | _a8173713774 | ||
| 040 | _cNUST | ||
| 082 |
_a621.3015194 _bPET |
||
| 100 |
_aPeterson ,Andrew.F _9123528 |
||
| 110 |
_aRay ,Scott.L , Mittra ,Raj _9123529 |
||
| 245 | _aComputational Methods for Electromagnetics | ||
| 260 |
_aIndia: _bUniversities Press, _c2001. |
||
| 650 |
_aComputational Methods for Electromagnetics _9123530 |
||
| 942 |
_2ddc _cBK |
||
| 999 |
_c609698 _d609698 |
||